LEADER 01579nas 2200505-a 450 001 9910220756303321 005 20230406213018.0 011 $a1758-860X 035 $a(OCoLC)676874780 035 $a(CKB)991042752609150 035 $a(CONSER)sn-96005283- 035 $a(EXLCZ)99991042752609150 100 $a19960318a20029999 --- a 101 0 $aeng 135 $aurcnu|||||||| 181 $ctxt$2rdacontent 182 $cc$2rdamedia 183 $acr$2rdacarrier 200 04$aThe journal of film music 210 $aClaremont, Calif. $cInternational Film Music Society$d©2002- 215 $a1 online resource (volumes) $cillustrations 300 $aRefereed/Peer-reviewed 311 08$aPrint version: The journal of film music. 1087-7142 (DLC)sn 96005283 (OCoLC)34381646 517 3 $aFilm music 531 $aJOURNAL OF FILM MUSIC 606 $aMotion picture music$vPeriodicals 606 $aFilm, Musique de$vPériodiques 606 $aMotion picture music$2fast$3(OCoLC)fst01027201 606 $aTidskrifter, USA$2sfit 606 $aFilmmusik$2sfit 608 $aperiodicals.$2aat 608 $aPeriodicals.$2fast 608 $aPeriodicals.$2lcgft 608 $aPériodiques.$2rvmgf 615 0$aMotion picture music 615 6$aFilm, Musique de 615 7$aMotion picture music. 615 7$aTidskrifter, USA. 615 7$aFilmmusik. 676 $a780 712 02$aInternational Film Music Society, 906 $aJOURNAL 912 $a9910220756303321 996 $aThe journal of film music$91942371 997 $aUNINA LEADER 02245nam 2200589 450 001 9910797978303321 005 20200520144314.0 010 $a0-7391-8786-4 035 $a(CKB)3710000000540335 035 $a(EBL)4206450 035 $a(SSID)ssj0001591996 035 $a(PQKBManifestationID)16287763 035 $a(PQKBTitleCode)TC0001591996 035 $a(PQKBWorkID)12094005 035 $a(PQKB)11016094 035 $a(MiAaPQ)EBC4206450 035 $a(Au-PeEL)EBL4206450 035 $a(CaPaEBR)ebr11136140 035 $a(CaONFJC)MIL883876 035 $a(OCoLC)933524824 035 $a(EXLCZ)993710000000540335 100 $a20160113h20152015 uy 0 101 0 $aeng 135 $aur|n|---||||| 181 $ctxt 182 $cc 183 $acr 200 14$aThe political economy of the interior Gold Coast $ethe Asante and the era of legitimate trading, 1807-1875 /$fJarvis L. Hargrove 210 1$aLanham, Maryland :$cLexington Books,$d2015. 210 4$d©2015 215 $a1 online resource (241 p.) 300 $aDescription based upon print version of record. 311 $a1-4985-2939-9 311 $a0-7391-8785-6 320 $aIncludes bibliographical references and index. 327 $aPages:1 to 25; Pages:26 to 50; Pages:51 to 75; Pages:76 to 100; Pages:101 to 125; Pages:126 to 150; Pages:151 to 175; Pages:176 to 200; Pages:201 to 225; Pages:226 to 241 330 $aThis book analyzes the Asante transition to legitimate commerce in the nineteenth century and highlights the political and economic relationships of the Asante state with surrounding African groups and European traders. 606 $aAshanti (African people)$xCommerce$xHistory$y19th century 606 $aSlave trade$zGhana$xHistory 607 $aGhana$xEconomic conditions$y19th century 607 $aGhana$xRelations$zEurope 615 0$aAshanti (African people)$xCommerce$xHistory 615 0$aSlave trade$xHistory. 676 $a966.7004963385 700 $aHargrove$b Jarvis L.$01110497 801 0$bMiAaPQ 801 1$bMiAaPQ 801 2$bMiAaPQ 906 $aBOOK 912 $a9910797978303321 996 $aThe political economy of the interior Gold Coast$93774893 997 $aUNINA